Catalog

Record Details

Catalog Search



Available copies

  • 1 of 1 copy available at LARL/NWRL Consortium.
  • 1 of 1 copy available at Northwest Regional Library. (Show preferred library)

Current holds

0 current holds with 1 total copy.

Show All Copies
Location Call Number / Copy Notes Barcode Shelving Location Status Due Date
Red Lake Falls Public Library j RAN (Text) 35500005123417 Main Available -

Record details

  • ISBN: 0879236612 :
  • Physical Description: 350 p. : ill. ; 21 cm.
  • Publisher: Boston : D.R. Godine, 1988.

Content descriptions

Summary, etc.:
Follows the adventures of two groups of children ... Read More
Subject: Outdoor life > Juvenile fiction.
Vacations > Juvenile fiction.
Winter > Juvenile fiction.
LDR 01058cam a2200289 a 4500
001149319
003LARL_NWRL_CONSORTIUM
00520000302111811.0
008880303s1988 maua j 000 1 eng
010 . ‡a86046246
020 . ‡a0879236612 : ‡c$9.95
040 . ‡aDLC ‡cDLC ‡dGZD
042 . ‡alcac
049 . ‡aNRG
08200. ‡a[Fic] ‡219
1001 . ‡aRansome, Arthur, ‡d1884-1967. ‡0(LARL_NWRL_CONSORTIUM)62397
24510. ‡aWinter holiday ‡n#4 / ‡cArthur Ransome ; illustrated by the author.
260 . ‡aBoston : ‡bD.R. Godine, ‡c1988.
300 . ‡a350 p. : ‡bill. ; ‡c21 cm.
440 2. ‡aA Godine storyteller.
4900 . ‡aSwallows & Amazons ; ‡vbk. 4
520 . ‡aFollows the adventures of two groups of children who spend a winter holiday by a great lake next to the mountains.
650 0. ‡aOutdoor life ‡vJuvenile fiction.
650 0. ‡aVacations ‡vJuvenile fiction.
650 0. ‡aWinter ‡vJuvenile fiction.
901 . ‡a149319 ‡bISxN ‡c149319 ‡tbiblio

Additional Resources